Retail warehouses in London (Record no. 91425)

MARC details
000 -LEADER
fixed length control field 00495cam a2200193 4500
001 - CONTROL NUMBER
control field B1367
008 - FIXED-LENGTH DATA ELEMENTS--GENERAL INFORMATION
fixed length control field 090401t1986 xxu||||| |||| 00| 0 eng d
035 ## - SYSTEM CONTROL NUMBER
System control number (Sirsi) u44041
041 ## - LANGUAGE CODE
Language code of text/sound track or separate title eng
050 ## - LIBRARY OF CONGRESS CALL NUMBER
Classification number 711.55209421
100 ## - MAIN ENTRY--PERSONAL NAME
Personal name Smith, Gordon
245 ## - TITLE STATEMENT
Title Retail warehouses in London
260 ## - PUBLICATION, DISTRIBUTION, ETC.
Place of publication, distribution, etc. London
Name of publisher, distributor, etc. London Research Centre
Date of publication, distribution, etc. 1986
300 ## - PHYSICAL DESCRIPTION
Extent iii,17,(26)p. : ill., map ; 30cm.
350 ## - PRICE (NR) (BK AM CF MU VM SE) [OBSOLETE]
Price 15
490 ## - SERIES STATEMENT
Series statement Review
Volume/sequential designation 30 s and Studies Series
942 ## - ADDED ENTRY ELEMENTS (KOHA)
Suppress in OPAC 0
948 ## - LOCAL PROCESSING INFORMATION (OCLC); SERIES PART DESIGNATOR (RLIN)
c (OCLC) 04/03/1997
Holdings
Withdrawn status Lost status Source of classification or shelving scheme Damaged status Not for loan Home library Current library Shelving location Date acquired Cost, normal purchase price Total Checkouts Full call number Barcode Date last seen Copy number Cost, replacement price Price effective from Koha item type
    Dewey Decimal Classification     London London Basement 14/09/1999 15.00   SHELF 302 30020370 06/08/2019 1 15.00 06/08/2019 Book